ნორმალური ფორმატი
MARC ფორმატი
ჩანაწერი Personal Name
ჩანაწერთა რაოდენობა, რომელიც გამოყენებულია: 1
001 - CONTROL NUMBER
- control field: 11589
003 - CONTROL NUMBER IDENTIFIER
- control field: GE_BSU
005 - DATE AND TIME OF LATEST TRANSACTION
- control field: 20210423173747.0
008 - FIXED-LENGTH DATA ELEMENTS
- fixed length control field: 210423|| aca||aabn | a|a d
040 ## - CATALOGING SOURCE
- Original cataloging agency: GE_BSU
- Transcribing agency: GE_BSU
100 ## - HEADING--PERSONAL NAME
- Personal name: ცქვიტინიძე, სოფიკო
670 ## - SOURCE DATA FOUND
- Source citation: Work cat.: (GE_BSU)51686: ცქვიტინიძე, სოფიკო, ტუბერკულოზის სენსიტიურ და რეზისტენტურ ფორმებთან სისხლის ჯგუფური ანტიგენების (ABO Rb-hr MN, Kell) ასოცირების და დაავადებულთა ჰუმორული იმუნური სტატუსის შესწავლა საქართველოში მცხოვრებ პოპულაციებში /
